| 000 | 01000nam a2200229 a 4500 | ||
|---|---|---|---|
| 001 | 1136 | ||
| 003 | BR-CuiBMT | ||
| 005 | 20231129201013.0 | ||
| 008 | 231129s2007 mgb 001 0 por d | ||
| 020 | _a9788577000463 | ||
| 040 |
_aBR-CuiBMT _cBR-CuiBMT |
||
| 080 |
_22007 _a342.4 _x(81) |
||
| 090 |
_a342.4(81) _bC758 |
||
| 245 | 0 | 0 |
_aConstituição da república federativa do Brasil / _cJ. U. Jacoby Fernandes, organizador. |
| 260 |
_aBelo Horizonte : _bFórum, _c2007. |
||
| 300 |
_a743 p. ; _c24 cm |
||
| 500 | _aAtualizada com todas as emendas, contendo as respectivas redações anteriores de cada dispositivo alterado. Além do inteiro teor das súmulas do Supremo Tribunal Federal e do melhor índice remissivo, contém, ainda, a indicação: - das leis que regulamentam os artigos; - das Ações Diretas de Insconstitucionalidade. | ||
| 504 | _aInclui bibliografia e índice. | ||
| 650 |
_aConstituição _zBrasil |
||
| 700 | 1 |
_aFernandes, Jorge Ulisses Jacoby _dorg. |
|
| 942 |
_2udc _cLV |
||
| 999 |
_c1136 _d1136 |
||